|
|
|
|
| LEADER |
00000cam a2200000 4500 |
| 001 |
vtls012159929 |
| 003 |
SK-MaSNL |
| 005 |
20260301192307.0 |
| 008 |
230202s2022 xo l fran 101 0 eng |
| 015 |
|
|
|a SNBA2023/03
|
| 020 |
|
|
|a 9788057401582
|q (brožované)
|
| 020 |
|
|
|a 9788057401308
|q (e-publication)
|
| 040 |
|
|
|a SNK
|b slo
|c SNK
|e rda
|
| 041 |
0 |
|
|a eng
|
| 044 |
|
|
|a xo
|c SK
|
| 072 |
|
7 |
|a 621.38
|x Elektronika
|2 konspekt
|
| 080 |
|
|
|a 621.375.826
|2 2011
|
| 080 |
|
|
|a 52‑624
|2 2011
|
| 080 |
|
|
|a 54‑77
|2 2011
|
| 080 |
|
|
|a 535‑34
|2 2011
|
| 080 |
|
|
|a (062.534)
|2 2011
|
| 080 |
|
|
|a (048.3)
|2 2011
|
| 080 |
|
|
|a 539.125.5
|2 2001
|
| 111 |
2 |
|
|a SFEL
|n (4. :
|d 2022
|c Liptovský Ján, Slovensko)
|4 aut
|9 570077
|
| 245 |
1 |
0 |
|a School of XFEL and synchrotron radiation users - SFEL 2022
|b book of abstracts : November 6-10, 2022, Liptovský Ján, Slovakia
|c Jozef Bednarčík (ed.)
|
| 250 |
|
|
|a 1st edition
|
| 264 |
|
1 |
|a Košice
|b ŠafárikPress Publishing
|c 2022
|
| 300 |
|
|
|a V, 89 strán
|b schémy
|c 24 cm
|
| 336 |
|
|
|a text
|b txt
|2 rdacontent
|
| 337 |
|
|
|a bez média
|b n
|2 rdamedia
|
| 338 |
|
|
|a zväzok
|b nc
|2 rdacarrier
|
| 366 |
|
|
|e 98 kusov
|
| 504 |
|
|
|a Obsahuje bibliografiu za jednotlivými príspevkami a menný register
|
| 650 |
0 |
7 |
|a lasery
|2 SNKPH
|9 13696
|
| 650 |
0 |
7 |
|a synchrotrónové žiarenie
|2 SNKPH
|9 50132
|
| 650 |
0 |
7 |
|a neutróny
|2 SNKPH
|9 50192
|
| 650 |
0 |
7 |
|a laserová technika
|2 SNKPH
|9 316387
|
| 650 |
0 |
7 |
|a röntgenové žiarenie
|2 SNKPH
|9 50204
|
| 650 |
0 |
7 |
|a Lasers
|2 SNKPHeng
|9 314744
|
| 650 |
0 |
7 |
|a Synchrotron radiation
|2 SNKPHeng
|9 429480
|
| 650 |
0 |
7 |
|a Neutrons
|2 SNKPHeng
|9 570078
|
| 650 |
0 |
7 |
|a X-rays
|2 SNKPHeng
|9 570079
|
| 655 |
|
7 |
|a zborníky konferencií
|2 SNKPH
|9 70153
|
| 655 |
|
7 |
|a abstrakty
|2 SNKPH
|9 22516
|
| 655 |
|
7 |
|a Proceedings of conferences
|2 SNKPHeng
|9 265791
|
| 655 |
|
7 |
|a Abstracts
|2 SNKPHeng
|9 275616
|
| 700 |
1 |
|
|a Bednarčík, Jozef,
|d 1976-
|4 edt
|9 223543
|
| 710 |
2 |
|
|a Univerzita Pavla Jozefa Šafárika v Košiciach
|4 pbl
|9 166726
|
| 852 |
|
|
|a Štátna vedecká knižnica v Banskej Bystrici
|
| 919 |
|
|
|a 978-80-574-0158-2
|
| 919 |
|
|
|a 978-80-574-0130-8
|
| 954 |
|
|
|a odborná, vedecká literatúra pôvodná (slovenská)
|2 lita
|
| 958 |
|
|
|a NB
|
| 999 |
|
|
|c 873839
|d 875769
|
| 952 |
|
|
|a SNK
|b SNK
|y PREZ
|7 0
|p 17A1518379
|o snkSC 200822
|i snk2023/2037
|8 0
|0 0
|1 0
|4 0
|d 2023-02-02
|f 1
|l 0
|r 2025-10-23 00:00:00
|w 2026-02-24
|